K opotrebeniu základných fondov na Slovensku záverečná práca postgraduálneho štúdia

Salvato in:
Dettagli Bibliografici
Autore principale: Šesták, Jozef
Ente Autore: Vysoká škola ekonomická v Bratislave
Altri autori: Mihalovič, J.
Natura: Libro
Lingua:slovacco
Pubblicazione: Bratislava 1976
Tags: Aggiungi Tag
Nessun Tag, puoi essere il primo ad aggiungerne!!

MARC

LEADER 00000nam a2200000 4500
001 c034955
005 20221220102051.5
041 0 |a slo 
044 |a SK 
245 1 0 |a K opotrebeniu základných fondov na Slovensku  |b záverečná práca postgraduálneho štúdia  |c Jozef Šesták ; ved. práce J. Mihalovič 
264 1 |a Bratislava  |c 1976 
300 |a 76 s. 
100 1 |a Šesták, Jozef 
700 1 |a Mihalovič, J. 
710 2 |a Vysoká škola ekonomická v Bratislave